[Event "Lithuanian Chess League"]
[Site "various cities"]
[Date "2021.05.08"]
[Round "3.2"]
[White "Zaura, Vidmantas"]
[Black "Eigminas, Kipras"]
[Result "1/2-1/2"]
[WhiteElo "2087"]
[BlackElo "2095"]
[PlyCount "172"]
[EventDate "2021.05.07"]
[EventType "team"]
[EventRounds "7"]
[EventCountry "LTU"]
[WhiteTeam "Panevezio SK Gigant Chess"]
[BlackTeam "Vilniaus BTT Cloud-VSK"]

1. Nf3 Nf6 2. g3 c5 3. c4 d5 4. d4 cxd4 5. Nxd4 e5 6. Nf3 Nc6 7. Bg2 Bb4+ 8.
Bd2 e4 9. Nd4 Qe7 10. Nxc6 bxc6 11. Qa4 Bxd2+ 12. Nxd2 Bd7 13. cxd5 cxd5 14.
Qd4 O-O 15. O-O Rab8 16. a3 Bb5 17. Rfe1 Rfc8 18. b4 Rc2 19. a4 Bc4 20. b5 a6
21. b6 Qb4 22. Nxc4 Rxc4 23. Qd1 Qxb6 24. a5 Qc7 25. e3 Rc5 26. Qd2 Ng4 27.
Rec1 Ne5 28. Rxc5 Qxc5 29. Rc1 Qa3 30. Qc2 Nd3 31. Rb1 Rxb1+ 32. Qxb1 Qb2 33.
Qxb2 Nxb2 34. Bh3 Nd3 35. Bc8 Nb4 36. Kf1 Kf8 37. Ke2 Ke7 38. Kd2 Kd6 39. Bg4
Kc5 40. Be2 d4 41. exd4+ Kxd4 42. Bg4 Nd3 43. Bc8 Nc5 44. h4 h6 45. Ke2 g6 46.
Kd2 g5 47. hxg5 hxg5 48. Ke2 f6 49. Kd2 Ke5 50. Ke3 f5 51. f4+ exf3 52. Kxf3
g4+ 53. Ke3 Nb3 54. Bxa6 Nxa5 55. Bb5 Nb7 56. Kf2 Nc5 57. Bc6 Kd4 58. Bb5 Ke4
59. Bc6+ Kd3 60. Bb5+ Kd2 61. Bc6 Nd3+ 62. Kg2 Ne5 63. Bb7 Ke1 64. Ba6 Nc6 65.
Bc8 Nd4 66. Kg1 Ke2 67. Kg2 Nc2 68. Ba6+ Ke3 69. Bc8 Nd4 70. Bd7 Ke2 71. Bc8
Ke1 72. Kg1 Ke2 73. Kg2 Ke3 74. Bd7 Ke2 75. Bc8 Nc2 76. Ba6+ Ke1 77. Kg1 Ne3
78. Bb5 Nd5 79. Bd7 Ne7 80. Bb5 Nc8 81. Bd7 Nd6 82. Kg2 Ke2 83. Be6 Ke3 84. Bd7
f4 85. gxf4 Kxf4 86. Bxg4 Kxg4 1/2-1/2

[Event "Lithuanian Chess League"]
[Site "various cities"]
[Date "2021.05.08"]
[Round "3.2"]
[White "Paulauskas, Andrius"]
[Black "Baltrunas, Arvydas"]
[Result "1-0"]
[WhiteElo "1906"]
[BlackElo "1778"]
[PlyCount "131"]
[EventDate "2021.05.07"]
[EventType "team"]
[EventRounds "7"]
[EventCountry "LTU"]
[WhiteTeam "Vilniaus BTT Cloud-VSK"]
[BlackTeam "Panevezio SK Gigant Chess"]

1. d4 d6 2. e4 e5 3. dxe5 dxe5 4. Qxd8+ Kxd8 5. Nf3 f6 6. Be3 Be6 7. Nc3 c6 8.
O-O-O+ Nd7 9. Nd2 Kc7 10. Bc4 Bxc4 11. Nxc4 b5 12. Na5 Nb6 13. Rd3 Bb4 14. Nb3
Nh6 15. Bc5 Bxc5 16. Nxc5 Rhe8 17. Rhd1 Re7 18. f3 Nf7 19. a4 bxa4 20. N3xa4
Nxa4 21. Nxa4 Rd8 22. Nc5 Rxd3 23. Rxd3 Ng5 24. Ra3 Kd6 25. Na6 Rb7 26. Rd3+
Ke7 27. Nc5 Rc7 28. b4 Ne6 29. Nxe6 Kxe6 30. Rd8 Ke7 31. Ra8 Kd6 32. c3 Rb7 33.
Kc2 Kc7 34. h4 Kb6 35. c4 Rd7 36. h5 h6 37. Kc3 Kb7 38. Rg8 Kc7 39. c5 Kb7 40.
g3 Kc7 41. f4 Re7 42. Kd3 exf4 43. gxf4 Kb7 44. Rd8 Kc7 45. Rd6 Re8 46. Ke3 a5
47. bxa5 Ra8 48. e5 fxe5 49. fxe5 Rxa5 50. Rg6 Rxc5 51. Rxg7+ Kd8 52. Kd4 Rd5+
53. Ke4 Rd1 54. Rg6 Rh1 55. Rxh6 Kd7 56. Rh7+ Ke6 57. Rh6+ Kd7 58. Rd6+ Ke7 59.
h6 Rh4+ 60. Kf5 Rh5+ 61. Kg6 Rxe5 62. Rxc6 Re1 63. Kg7 Kd7 64. Rf6 Rh1 65. h7
Ke7 66. Rg6 1-0

[Event "Lithuanian Chess League"]
[Site "various cities"]
[Date "2021.05.08"]
[Round "3.3"]
[White "Bagvilas, Lukas"]
[Black "Bieliauskas, Marius"]
[Result "1-0"]
[WhiteElo "2011"]
[BlackElo "2201"]
[PlyCount "81"]
[EventDate "2021.05.07"]
[EventType "team"]
[EventRounds "7"]
[EventCountry "LTU"]
[WhiteTeam "Siauliu SM Dubysa"]
[BlackTeam "Kauno SK Margiris"]

1. e4 c6 2. d4 d5 3. exd5 cxd5 4. Bd3 Nc6 5. c3 Nf6 6. h3 g6 7. Qc2 Bg7 8. Nf3
O-O 9. O-O Qc7 10. Be3 Bd7 11. Nbd2 Rfc8 12. Rac1 Qb8 13. Qd1 b5 14. Nb3 a5 15.
Nc5 Ra7 16. Qd2 Be8 17. Rfe1 Nd7 18. Bf4 Qb6 19. Qe2 b4 20. Na4 Qd8 21. Ba6
Rca8 22. Bb5 Nb6 23. Nc5 Nb8 24. Bxe8 Qxe8 25. Ng5 e6 26. Qg4 N8d7 27. Qh4 Nf8
28. Nf3 bxc3 29. Rxc3 Na4 30. Rc2 Qb5 31. b3 Nxc5 32. dxc5 a4 33. c6 axb3 34.
axb3 Qxb3 35. Rcc1 d4 36. c7 Rc8 37. Qe7 e5 38. Nxe5 Qe6 39. Nc6 Qa2 40. Nxa7
Qxa7 41. Qd8 1-0

[Event "Lithuanian Chess League"]
[Site "various cities"]
[Date "2021.05.08"]
[Round "3.3"]
[White "Tvarijonas, Tomas"]
[Black "Povilaitis, Tomas"]
[Result "1-0"]
[WhiteElo "2221"]
[BlackElo "1846"]
[PlyCount "77"]
[EventDate "2021.05.07"]
[EventType "team"]
[EventRounds "7"]
[EventCountry "LTU"]
[WhiteTeam "Kauno SK Margiris"]
[BlackTeam "Siauliu SM Dubysa"]

1. e4 c5 2. Nf3 Nc6 3. d4 cxd4 4. Nxd4 e5 5. Nb5 d6 6. N1c3 a6 7. Na3 b5 8. Nd5
Nge7 9. c4 Nxd5 10. exd5 Nd4 11. Nc2 Nf5 12. cxb5 g6 13. Bd3 Bg7 14. O-O O-O
15. bxa6 Qh4 16. Qe2 Ne7 17. g3 Qh3 18. Nb4 f5 19. f4 g5 20. Qg2 Qxg2+ 21. Kxg2
gxf4 22. gxf4 Ng6 23. fxe5 dxe5 24. Be3 e4 25. Bb5 f4 26. Bc5 Nh4+ 27. Kh1 Bh3
28. a7 Bg2+ 29. Kg1 f3 30. Bc6 Ng6 31. Rf2 Nf4 32. Rxg2 Nxg2 33. Bxa8 Rxa8 34.
d6 e3 35. Nd5 Be5 36. d7 Ne1 37. Bxe3 Nc2 38. Rc1 Nxe3 39. Rc8+ 1-0

[Event "Lithuanian Chess League"]
[Site "various cities"]
[Date "2021.05.08"]
[Round "3.3"]
[White "Bagdanskis, Dangis"]
[Black "Steponavicius, Stasys"]
[Result "0-1"]
[WhiteElo "1937"]
[BlackElo "2193"]
[PlyCount "123"]
[EventDate "2021.05.07"]
[EventType "team"]
[EventRounds "7"]
[EventCountry "LTU"]
[WhiteTeam "Siauliu SM Dubysa"]
[BlackTeam "Kauno SK Margiris"]

1. d4 Nf6 2. Nf3 e6 3. Bg5 b6 4. e4 h6 5. Bxf6 Qxf6 6. Bd3 Bb7 7. Nbd2 d6 8. c3
Nd7 9. Qe2 e5 10. d5 g6 11. Bb5 Qe7 12. h4 h5 13. Qc4 Qd8 14. Ng5 Ke7 15. Bc6
Qc8 16. b4 Bh6 17. Ndf3 a6 18. Qb3 Nf8 19. Bxb7 Qxb7 20. c4 f6 21. Nh3 Nd7 22.
O-O Rag8 23. Kh1 Qc8 24. Nhg1 f5 25. Nh3 Nf6 26. Nfg5 Nxe4 27. Nxe4 fxe4 28.
Rae1 Qg4 29. Qc2 Qxh4 30. c5 bxc5 31. bxc5 Rc8 32. Rxe4 Qf6 33. f4 g5 34. g3
gxf4 35. Nxf4 Bxf4 36. gxf4 Rhg8 37. Rf2 Qh4+ 38. Rh2 Qg4 39. Rg2 Qxg2+ 40.
Qxg2 Rxg2 41. Kxg2 Rg8+ 42. Kh3 Rg4 43. cxd6+ cxd6 44. Ra4 Rxf4 45. Rxa6 Rd4
46. Ra7+ Kf6 47. a4 Rxd5 48. a5 e4 49. Kg3 Ke5 50. Re7+ Kd4 51. Kf4 Rxa5 52.
Rxe4+ Kd5 53. Re1 Ra4+ 54. Kg5 h4 55. Rh1 Ke5 56. Rf1 d5 57. Rf5+ Kd6 58. Rf6+
Kc5 59. Rh6 Re4 60. Kf5 Kc4 61. Rh8 Kd3 62. Ra8 0-1

[Event "Lithuanian Chess League"]
[Site "various cities"]
[Date "2021.05.08"]
[Round "3.3"]
[White "Solys, Laimutis"]
[Black "Sarauskas, Andrius"]
[Result "1-0"]
[WhiteElo "2319"]
[BlackElo "1914"]
[PlyCount "77"]
[EventDate "2021.05.07"]
[EventType "team"]
[EventRounds "7"]
[EventCountry "LTU"]
[WhiteTeam "Kauno SK Margiris"]
[BlackTeam "Siauliu SM Dubysa"]

1. e4 c6 2. d4 d5 3. exd5 cxd5 4. Bd3 Nc6 5. c3 Qc7 6. h3 Nf6 7. Nf3 g6 8. O-O
Bg7 9. Re1 O-O 10. Be3 Rd8 11. Nbd2 Bd7 12. Rc1 Rac8 13. b4 Bf5 14. Bf1 Ne4 15.
g4 Nxd2 16. Qxd2 Bd7 17. a4 e5 18. Bg5 Re8 19. b5 Na5 20. dxe5 Nb3 21. Qxd5
Nxc1 22. Rxc1 Be6 23. Qd4 Bf8 24. c4 Qc5 25. Qf4 Rc7 26. Nd2 h6 27. Bf6 Rd7 28.
Ne4 Qa3 29. Bh4 Red8 30. Bxd8 Rxd8 31. c5 Rc8 32. c6 bxc6 33. bxc6 g5 34. Nf6+
Kg7 35. Qe4 Bc5 36. Qh7+ Kf8 37. Qxh6+ Ke7 38. Qxg5 Qg3+ 39. Kh1 1-0

[Event "Lithuanian Chess League"]
[Site "various cities"]
[Date "2021.05.08"]
[Round "3.3"]
[White "Venckevicius, Justas"]
[Black "Morkunas, Gustas"]
[Result "1/2-1/2"]
[WhiteElo "1582"]
[BlackElo "1722"]
[PlyCount "44"]
[EventDate "2021.05.07"]
[EventType "team"]
[EventRounds "7"]
[EventCountry "LTU"]
[WhiteTeam "Siauliu SM Dubysa"]
[BlackTeam "Kauno SK Margiris"]

1. e4 c5 2. Nc3 a6 3. Bc4 e6 4. d3 Qc7 5. a4 b6 6. f4 d6 7. Nf3 Nc6 8. O-O Nf6
9. f5 Ne5 10. Nxe5 dxe5 11. fxe6 fxe6 12. Bg5 Be7 13. Bxf6 Bxf6 14. Qg4 Qe7 15.
Rf3 O-O 16. Raf1 Ra7 17. Ne2 Kh8 18. Ng3 Qe8 19. Nh5 Raf7 20. Rg3 Bg5 21. Rxf7
Qxf7 22. Rf3 Bf6 1/2-1/2

[Event "Lithuanian Chess League"]
[Site "various cities"]
[Date "2021.05.16"]
[Round "7.1"]
[White "Chocenka, Dmitrijus"]
[Black "Stremavicius, Titas"]
[Result "1-0"]
[WhiteElo "2327"]
[BlackElo "2484"]
[PlyCount "87"]
[EventDate "2021.05.07"]
[EventType "team"]
[EventRounds "7"]
[EventCountry "LTU"]
[WhiteTeam "Vilniaus LKSF-Chess United"]
[BlackTeam "SBK Kaunas"]

1. e4 c6 2. d4 d5 3. Nc3 dxe4 4. Nxe4 Nf6 5. Nxf6+ exf6 6. g3 Bf5 7. Bg2 Na6 8.
c3 Qd7 9. Ne2 h5 10. Be3 Nc7 11. c4 Bh3 12. Bxh3 Bb4+ 13. Bd2 Bxd2+ 14. Qxd2
Qxh3 15. Nf4 Qf5 16. Qe3+ Kf8 17. O-O g5 18. Ng2 h4 19. Rae1 h3 20. Qe7+ Kg8
21. Ne3 Qf3 22. Qxc7 Re8 23. g4 Rxe3 24. Qg3 Qxg3+ 25. hxg3 Re6 26. d5 cxd5 27.
cxd5 Re5 28. Rxe5 fxe5 29. Re1 Rh6 30. Rxe5 Rb6 31. b3 Kf8 32. Kh2 Ra6 33. a4
Rb6 34. Re3 Rf6 35. f3 Rd6 36. Rd3 Rh6 37. d6 Ke8 38. Re3+ Kd8 39. Re7 Rf6 40.
Rxb7 Rxf3 41. Kxh3 a5 42. Kg2 Rd3 43. Rxf7 Rxb3 44. Rf5 1-0

[Event "Lithuanian Chess League"]
[Site "various cities"]
[Date "2021.05.16"]
[Round "7.1"]
[White "Juksta, Karolis"]
[Black "Indriunas, Matas"]
[Result "1/2-1/2"]
[WhiteElo "2437"]
[BlackElo "2227"]
[PlyCount "104"]
[EventDate "2021.05.07"]
[EventType "team"]
[EventRounds "7"]
[EventCountry "LTU"]
[WhiteTeam "SBK Kaunas"]
[BlackTeam "Vilniaus LKSF-Chess United"]

1. d4 Nf6 2. c4 e6 3. Nc3 Bb4 4. f3 c5 5. d5 d6 6. e4 b5 7. Bd2 a6 8. a4 bxc4
9. Bxc4 Nbd7 10. dxe6 fxe6 11. Bxe6 Ne5 12. Bd5 Nxd5 13. Nxd5 Nd3+ 14. Ke2 Bxd2
15. Qxd2 c4 16. Nh3 Bxh3 17. gxh3 Rb8 18. b4 Qh4 19. Qe3 O-O 20. Rag1 Rf7 21.
Rg4 Qxh3 22. Rg3 Qe6 23. Qd4 Nxb4 24. Rb1 a5 25. Ne3 Re8 26. Rbg1 g6 27. h4 Nc6
28. Qxc4 Qxc4+ 29. Nxc4 Nd4+ 30. Kd3 Nxf3 31. Rh1 Ne5+ 32. Nxe5 Rxe5 33. h5 Rb7
34. Rg4 g5 35. h6 Kf7 36. Rc1 Rb6 37. Rg2 Kg6 38. Rc8 Kxh6 39. Rh2+ Kg6 40.
Rg8+ Kf7 41. Rh8 Re7 42. R8xh7+ Ke6 43. R2h6+ Kd7 44. Rxe7+ Kxe7 45. Rg6 Rb3+
46. Kd4 Rb4+ 47. Kd5 Rxa4 48. e5 dxe5 49. Rxg5 e4 50. Re5+ Kd7 51. Rxe4 Ra1 52.
Kc5 a4 1/2-1/2

[Event "Lithuanian Chess League"]
[Site "various cities"]
[Date "2021.05.16"]
[Round "7.1"]
[White "Limontas, Martynas"]
[Black "Stremavicius, Pijus"]
[Result "1/2-1/2"]
[WhiteElo "2311"]
[BlackElo "2214"]
[PlyCount "284"]
[EventDate "2021.05.07"]
[EventType "team"]
[EventRounds "7"]
[EventCountry "LTU"]
[WhiteTeam "Vilniaus LKSF-Chess United"]
[BlackTeam "SBK Kaunas"]

1. d4 Nf6 2. c4 e6 3. Nc3 Bb4 4. g3 d5 5. Bg2 O-O 6. Nf3 dxc4 7. O-O Nc6 8. Re1
Rb8 9. e4 b5 10. Bf4 Bb7 11. Qe2 Nxd4 12. Nxd4 Qxd4 13. Bxc7 Bxc3 14. Red1 Rbc8
15. Rxd4 Bxd4 16. Bd6 Rfd8 17. e5 Bxg2 18. Kxg2 Nd5 19. Rc1 Bc5 20. Bxc5 Rxc5
21. a3 Rdc8 22. Qe1 c3 23. bxc3 Rxc3 24. Rxc3 Rxc3 25. Qe2 a6 26. a4 Rc4 27.
axb5 axb5 28. Qa2 g6 29. h4 Kg7 30. Qb3 Rc5 31. Qa3 b4 32. Qa4 h5 33. Kf3 b3
34. Kg2 Rc3 35. Qb5 Kf8 36. Qb8+ Ke7 37. Qb7+ Ke8 38. Qb8+ Kd7 39. Qb7+ Nc7 40.
Qb4 Rd3 41. Qa4+ Kd8 42. Qc4 Rd5 43. Qxb3 Rxe5 44. Qb8+ Kd7 45. Qb7 Rb5 46. Qf3
Rf5 47. Qb7 Rc5 48. Qb4 Rb5 49. Qa4 Kc8 50. Qe4 Kd7 51. Qa4 e5 52. Qc4 Rd5 53.
Qa4+ Kd6 54. Qb4+ Rc5 55. Qb6+ Rc6 56. Qb7 Kd7 57. Qb3 Re6 58. Qa4+ Kd8 59. Qa5
Re7 60. Qb6 Kd7 61. Qb7 e4 62. Qa7 Ke6 63. Qb6+ Ke5 64. Qb2+ Kf5 65. Qd2 Ke6
66. Qa2+ Nd5 67. Qa6+ Ke5 68. Qa1+ Kf5 69. Qd4 Re5 70. Qa7 Kf6 71. Qa6+ Kg7 72.
Qa1 f6 73. Qa7+ Ne7 74. Kf1 Kf7 75. Ke2 Kg7 76. Qc7 Kf7 77. Qa7 g5 78. hxg5
Rxg5 79. Qd7 Re5 80. Ke3 Rf5 81. Ke2 Rd5 82. Qb7 Ke6 83. Qa6+ Ke5 84. Qa1+ Kf5
85. Qa7 Re5 86. Qd7+ Kg5 87. Qd2+ Kg6 88. Qd8 Nf5 89. Qg8+ Ng7 90. Qc8 Re7 91.
g4 hxg4 92. Qxg4+ Kf7 93. Qc8 Ne6 94. Kf1 f5 95. Qh8 Ng7 96. Qh6 Re6 97. Qf4
Rf6 98. Qc7+ Kg6 99. Qg3+ Kh7 100. Qh4+ Rh6 101. Qe7 Re6 102. Qh4+ Kg6 103.
Qg3+ Kf6 104. Qh4+ Kf7 105. Qg3 Rc6 106. Qe5 Kg6 107. Qg3+ Kf6 108. Qh4+ Kf7
109. Qg5 Rc5 110. Qh6 Ne6 111. Qh7+ Kf6 112. Qh8+ Ke7 113. Qb2 Rd5 114. Qb7+
Rd7 115. Qb2 Rd4 116. f3 exf3 117. Kf2 Rg4 118. Qb7+ Kf6 119. Kxf3 Ng5+ 120.
Kf2 Ne4+ 121. Ke3 Rg3+ 122. Ke2 Rc3 123. Qb8 Kg5 124. Qg8+ Kf4 125. Qb8+ Kg4
126. Qe5 Rh3 127. Qg7+ Ng5 128. Qd7 Rh2+ 129. Ke3 Rh3+ 130. Ke2 Rh7 131. Qc8
Re7+ 132. Kf1 Re5 133. Qd7 Re6 134. Qd1+ Kh4 135. Qd4+ Re4 136. Qf2+ Kg4 137.
Qg2+ Kh5 138. Qh2+ Kg6 139. Qd6+ Ne6 140. Qg3+ Kf6 141. Qc3+ Rd4 142. Kf2 f4
1/2-1/2

[Event "Lithuanian Chess League"]
[Site "various cities"]
[Date "2021.05.16"]
[Round "7.1"]
[White "Vaznonis, Vytautas"]
[Black "Viskelis, Darius"]
[Result "1-0"]
[WhiteElo "2382"]
[BlackElo "2223"]
[PlyCount "83"]
[EventDate "2021.05.07"]
[EventType "team"]
[EventRounds "7"]
[EventCountry "LTU"]
[WhiteTeam "SBK Kaunas"]
[BlackTeam "Vilniaus LKSF-Chess United"]

1. c4 e6 2. Nc3 d5 3. d4 c5 4. cxd5 exd5 5. Nf3 Nc6 6. g3 Nf6 7. Bg2 cxd4 8.
Nxd4 Bc5 9. Nb3 Bb6 10. O-O d4 11. Na4 O-O 12. Nxb6 axb6 13. Bxc6 bxc6 14. Qxd4
Qe8 15. Re1 c5 16. Qd6 Qb5 17. Bg5 Ne4 18. Qd5 Nxg5 19. Qxg5 h6 20. Qd2 Be6 21.
Qc3 h5 22. Nc1 Rfe8 23. b3 Bf5 24. a4 Qc6 25. h4 Re6 26. Nd3 Re4 27. Nf4 Rd8
28. Nxh5 Qg6 29. Qf3 Rxh4 30. Nf4 Qg5 31. Rad1 Re8 32. Rd5 g6 33. e4 Rh8 34.
Re3 Qh6 35. exf5 Rxe3 36. fxe3 Qh2+ 37. Kf1 Kg7 38. Qg2 g5 39. Qxh2 Rxh2 40.
Ne2 Kf6 41. e4 g4 42. Ke1 1-0

[Event "Lithuanian Chess League"]
[Site "various cities"]
[Date "2021.05.16"]
[Round "7.1"]
[White "Bastys, Robertas"]
[Black "Butvilas, Aistis"]
[Result "0-1"]
[WhiteElo "2217"]
[BlackElo "2063"]
[PlyCount "98"]
[EventDate "2021.05.07"]
[EventType "team"]
[EventRounds "7"]
[EventCountry "LTU"]
[WhiteTeam "Vilniaus LKSF-Chess United"]
[BlackTeam "SBK Kaunas"]

1. d4 Nf6 2. c4 e6 3. Nc3 Bb4 4. e3 O-O 5. Nge2 d5 6. a3 Be7 7. cxd5 exd5 8.
Nf4 c6 9. Bd3 Na6 10. O-O Nc7 11. f3 Ne6 12. Nfe2 h6 13. Bc2 c5 14. dxc5 Bxc5
15. b4 Bd6 16. Qd3 Re8 17. Rd1 Nc7 18. Nd4 Qe7 19. Re1 Qe5 20. g3 Qh5 21. Bd2
g6 22. Nce2 Bd7 23. Nf4 Qg5 24. Ng2 Rac8 25. Bc3 Na8 26. Bd1 Qe5 27. Rc1 Qe7
28. Bb3 Nb6 29. Nf4 Be5 30. Nde2 Bf5 31. Qd2 Nc4 32. Bxc4 dxc4 33. e4 Bd7 34.
Qe3 b6 35. Red1 Ba4 36. Nd5 Nxd5 37. Rxd5 Bxc3 38. Nxc3 Bb3 39. Qxh6 a5 40. Qg5
axb4 41. Qxe7 Rxe7 42. axb4 Ra7 43. Kf2 Rc6 44. Ke3 Kg7 45. h4 Re6 46. g4 Rc6
47. f4 Ra3 48. Kd4 Ba4 49. Nxa4 Rd3+ 0-1

[Event "Lithuanian Chess League"]
[Site "various cities"]
[Date "2021.05.16"]
[Round "7.2"]
[White "Maziukas, Kasparas"]
[Black "Laurusas, Tomas"]
[Result "0-1"]
[WhiteElo "1870"]
[BlackElo "2505"]
[PlyCount "110"]
[EventDate "2021.05.07"]
[EventType "team"]
[EventRounds "7"]
[EventCountry "LTU"]
[WhiteTeam "Vilniaus Tauras"]
[BlackTeam "Vilniaus MRU-ROSK Consulting"]

1. d4 d5 2. c4 c6 3. cxd5 cxd5 4. Bf4 Nf6 5. Nc3 Nc6 6. e3 a6 7. Bd3 Bg4 8.
Nge2 e6 9. O-O Bh5 10. Rc1 Be7 11. Qd2 Rc8 12. Bg5 Bg6 13. Nf4 O-O 14. Na4 Bxd3
15. Qxd3 Ne4 16. Bxe7 Qxe7 17. Nb6 Rcd8 18. a3 g5 19. Ne2 f5 20. Nc3 Nd6 21. b3
Rf6 22. Nbxd5 exd5 23. Nxd5 Qf7 24. Nxf6+ Qxf6 25. Rfe1 g4 26. Rcd1 Ne7 27. f3
Qg5 28. Kh1 Qh5 29. e4 g3 30. h3 Ng6 31. e5 Nf7 32. f4 Nxf4 33. Qxg3+ Qg5 34.
Qf3 Nh5 35. g4 fxg4 36. Qxg4 Qxg4 37. hxg4 Nf4 38. Re4 Ng6 39. e6 Ng5 40. Re3
Kf8 41. d5 Ke7 42. Rd4 Kd6 43. a4 Ne7 44. Red3 b5 45. axb5 axb5 46. Kg2 Rc8 47.
b4 Rc2+ 48. Kg3 h6 49. Ra3 Ke5 50. Rd1 Nxd5 51. Re1+ Ne4+ 52. Kh4 Nf4 53. g5
Rh2+ 54. Kg4 h5+ 55. Kf3 Rh3# 0-1

[Event "Lithuanian Chess League"]
[Site "various cities"]
[Date "2021.05.16"]
[Round "7.2"]
[White "Pultinevicius, Paulius"]
[Black "Likatavicius, Rapolas"]
[Result "1-0"]
[WhiteElo "2501"]
[BlackElo "1929"]
[PlyCount "75"]
[EventDate "2021.05.07"]
[EventType "team"]
[EventRounds "7"]
[EventCountry "LTU"]
[WhiteTeam "Vilniaus MRU-ROSK Consulting"]
[BlackTeam "Vilniaus Tauras"]

1. d4 d5 2. c4 c6 3. Nf3 Nf6 4. Qc2 e6 5. Nbd2 Nbd7 6. g3 Be7 7. Bg2 b6 8. O-O
O-O 9. e4 Nxe4 10. Nxe4 dxe4 11. Qxe4 Bb7 12. Rd1 Qc8 13. Qc2 Rd8 14. Bf4 h6
15. Re1 Bf8 16. c5 bxc5 17. dxc5 Bxc5 18. Bh3 Re8 19. Bxh6 gxh6 20. Rxe6 Rxe6
21. Bxe6 fxe6 22. Qg6+ Kf8 23. Qxh6+ Ke7 24. Qg5+ Kd6 25. b4 Bxf2+ 26. Kxf2 Qf8
27. Rd1+ Kc7 28. Qa5+ Nb6 29. Qe5+ Kc8 30. Qxe6+ Kc7 31. Qe5+ Kc8 32. Rd4 Nd5
33. Rh4 Qf6 34. Rh8+ Kd7 35. Rh7+ Kc8 36. Qe8+ Qd8 37. Qe6+ Kb8 38. Qe5+ 1-0

[Event "Lithuanian Chess League"]
[Site "various cities"]
[Date "2021.05.16"]
[Round "7.2"]
[White "Kuznecovas, Kevinas"]
[Black "Vedrickas, Tautvydas"]
[Result "1-0"]
[WhiteElo "1882"]
[BlackElo "2395"]
[PlyCount "99"]
[EventDate "2021.05.07"]
[EventType "team"]
[EventRounds "7"]
[EventCountry "LTU"]
[WhiteTeam "Vilniaus Tauras"]
[BlackTeam "Vilniaus MRU-ROSK Consulting"]

1. e4 g6 2. d4 Bg7 3. Nc3 d6 4. f4 a6 5. Nf3 b5 6. Bd3 Nd7 7. e5 c5 8. Be4 Rb8
9. O-O cxd4 10. Nxd4 dxe5 11. Nc6 Qb6+ 12. Kh1 Ngf6 13. Nxb8 Qxb8 14. fxe5 Nxe5
15. Bf4 O-O 16. Qe2 Nh5 17. Bg5 h6 18. Bxe7 Re8 19. Bc5 Ng4 20. Bg1 Bxc3 21.
bxc3 Qe5 22. Qf3 Qc7 23. Rae1 Ngf6 24. Bd3 Rxe1 25. Rxe1 Bb7 26. Qf2 Qxc3 27.
Re7 Bd5 28. Qe3 Qc6 29. Bf1 Qxc2 30. Qxh6 Ng7 31. Bd4 Qd1 32. Qf4 Nfh5 33. Qf2
Kh7 34. Rd7 Be6 35. Rd8 Qb1 36. Kg1 Bc4 37. g4 Bxf1 38. Qxf1 Qxf1+ 39. Kxf1 Nf4
40. Ra8 Nfe6 41. Bf6 g5 42. Rxa6 Nc7 43. Ra7 Nge6 44. Be5 Nd5 45. Rxf7+ Kg6 46.
Rb7 Ne3+ 47. Kg1 Nxg4 48. Rxb5 Kf5 49. Bb2+ Ke4 50. h3 1-0

[Event "Lithuanian Chess League"]
[Site "various cities"]
[Date "2021.05.16"]
[Round "7.2"]
[White "Klabis, Rokas"]
[Black "Posaskov, Nikita"]
[Result "0-1"]
[WhiteElo "2329"]
[BlackElo "1706"]
[PlyCount "72"]
[EventDate "2021.05.07"]
[EventType "team"]
[EventRounds "7"]
[EventCountry "LTU"]
[WhiteTeam "Vilniaus MRU-ROSK Consulting"]
[BlackTeam "Vilniaus Tauras"]

1. e4 e6 2. d3 d5 3. Nd2 Nc6 4. Ngf3 dxe4 5. dxe4 Bc5 6. Bb5 Nge7 7. O-O O-O 8.
e5 Ng6 9. Nb3 Be7 10. Bxc6 bxc6 11. Qe2 Qd5 12. Rd1 Ba6 13. Qe1 Qc4 14. Nbd4
Bb7 15. b3 Qa6 16. Nd2 Bb4 17. Qe3 Rfd8 18. c3 Be7 19. c4 c5 20. Nc2 h6 21. Rf1
Nh4 22. f3 Nf5 23. Qe2 Nd4 24. Nxd4 cxd4 25. Qd3 Qa5 26. f4 Qc3 27. Qxc3 dxc3
28. Nf3 Bc5+ 29. Kh1 Rd3 30. a4 a5 31. Ra2 Rad8 32. Rc2 Rd1 33. Ne1 Be4 34.
Rxc3 Bd3 35. Rxd3 R8xd3 36. Bb2 Rxb3 0-1

[Event "Lithuanian Chess League"]
[Site "various cities"]
[Date "2021.05.16"]
[Round "7.2"]
[White "Bandza, Rokas"]
[Black "Sakalauskas, Vaidas"]
[Result "0-1"]
[WhiteElo "1817"]
[BlackElo "2331"]
[PlyCount "64"]
[EventDate "2021.05.07"]
[EventType "team"]
[EventRounds "7"]
[EventCountry "LTU"]
[WhiteTeam "Vilniaus Tauras"]
[BlackTeam "Vilniaus MRU-ROSK Consulting"]

1. e4 e6 2. d4 d5 3. exd5 exd5 4. Bd3 Nc6 5. c3 Bd6 6. Ne2 Qh4 7. Be3 Nf6 8.
Nd2 Ng4 9. Nf3 Nxe3 10. Nxh4 Nxd1 11. Rxd1 Ne7 12. Nf3 f6 13. h3 Be6 14. O-O g5
15. Rde1 Kd7 16. Nd2 Rag8 17. Kh1 h5 18. f4 g4 19. h4 Bf5 20. Bxf5+ Nxf5 21. g3
Re8 22. Kh2 Re3 23. Kg2 Rd3 24. Nb3 Ne3+ 25. Kf2 Nxf1 26. Rxf1 Re8 27. Nec1
Rde3 28. Nd2 c5 29. Ndb3 b6 30. Rd1 Kc6 31. a4 Rf3+ 32. Kg2 Ree3 0-1

[Event "Lithuanian Chess League"]
[Site "various cities"]
[Date "2021.05.16"]
[Round "7.3"]
[White "Klimciauskas, Domantas"]
[Black "Stauskas, Lukas"]
[Result "0-1"]
[WhiteElo "2175"]
[BlackElo "2316"]
[PlyCount "115"]
[EventDate "2021.05.07"]
[EventType "team"]
[EventRounds "7"]
[EventCountry "LTU"]
[WhiteTeam "Kauno SK Gambiteriai"]
[BlackTeam "Vilniaus BTT Cloud-VSK"]

1. c4 e5 2. g3 Nc6 3. Bg2 g6 4. Nc3 Bg7 5. e3 d6 6. Nge2 h5 7. h4 Bg4 8. Rb1 a5
9. a3 Qd7 10. b4 axb4 11. axb4 Nge7 12. b5 Na5 13. d3 O-O 14. Bd2 Bf5 15. Ne4
b6 16. N2c3 Nb7 17. Qc2 Ra7 18. O-O Bh3 19. d4 Bxg2 20. Kxg2 exd4 21. exd4 d5
22. cxd5 Nxd5 23. Nxd5 Qxd5 24. Qc6 Qf5 25. Bb4 Nd8 26. Qc2 Re8 27. Rfe1 Ne6
28. Qc6 Rea8 29. Rbd1 Nxd4 30. Qc4 Rd8 31. Bc3 Qd5 32. Qxd5 Rxd5 33. Re3 Ra8
34. Ng5 Rd6 35. Re7 Nf5 36. Rxd6 cxd6 37. Rc7 Bxc3 38. Rxc3 Ra5 39. Rc8+ Kg7
40. Rc7 Nh6 41. Ne6+ Kf6 42. Nd4 Ra2 43. Kf3 Rb2 44. Rb7 Ke5 45. Nc6+ Kd5 46.
Rxb6 Kc5 47. Rb8 Rxb5 48. Rc8 Kd5 49. Ne7+ Ke6 50. Rc7 Ng4 51. Nc6 Rf5+ 52. Ke4
d5+ 53. Kd4 Kd6 54. Rc8 Rxf2 55. Na7 Rd2+ 56. Kc3 Rg2 57. Nb5+ Ke5 58. Re8+ 0-1

[Event "Lithuanian Chess League"]
[Site "various cities"]
[Date "2021.05.16"]
[Round "7.3"]
[White "Vardanyan, Aras"]
[Black "Juknis, Paulius"]
[Result "1-0"]
[WhiteElo "2197"]
[BlackElo "2143"]
[PlyCount "131"]
[EventDate "2021.05.07"]
[EventType "team"]
[EventRounds "7"]
[EventCountry "LTU"]
[WhiteTeam "Vilniaus BTT Cloud-VSK"]
[BlackTeam "Kauno SK Gambiteriai"]

1. d4 d5 2. c4 dxc4 3. Nf3 Nf6 4. e3 Bg4 5. Bxc4 e6 6. h3 Bh5 7. Nc3 Nc6 8. Qa4
Bxf3 9. gxf3 a6 10. Qc2 Bd6 11. f4 O-O 12. Bd2 b5 13. Be2 Nb4 14. Qb3 c5 15.
dxc5 Bxc5 16. Nxb5 axb5 17. Bxb4 Qd5 18. Qxd5 Bxb4+ 19. Qd2 Bxd2+ 20. Kxd2
Rfd8+ 21. Kc2 Ne4 22. Rhd1 Rdc8+ 23. Kb3 Nc5+ 24. Kb4 Na6+ 25. Kb3 Nc5+ 26. Kc2
Ne4+ 27. Kb1 Rab8 28. Rd4 f5 29. a3 Nxf2 30. Rb4 Nxh3 31. Rxb5 g5 32. fxg5 Nxg5
33. Rxb8 Rxb8 34. a4 Ne4 35. Ra3 h5 36. Bxh5 Nd2+ 37. Kc2 Nc4 38. Rb3 Rc8 39.
Kd3 Kg7 40. Rb7+ Kf6 41. Be2 Nd6 42. Rb6 Nc4 43. Rb4 Ne5+ 44. Kd2 Rd8+ 45. Kc1
Rc8+ 46. Kd2 Rd8+ 47. Kc2 Rc8+ 48. Kb1 Rd8 49. a5 Rd2 50. Bb5 Nd3 51. Bxd3 Rxd3
52. a6 Rd1+ 53. Ka2 Rd8 54. a7 Ra8 55. Rb7 e5 56. Kb1 f4 57. exf4 exf4 58. Kc2
Ke5 59. b4 Kd4 60. b5 f3 61. Kd2 Re8 62. b6 Kc5 63. Rb8 f2 64. Rxe8 f1=Q 65.
a8=Q Qf2+ 66. Re2 1-0